Liberty or death (Record no. 119680)

MARC details
000 -LEADER
fixed length control field 00730nam a2200253Ia 4500
003 - CONTROL NUMBER IDENTIFIER
control field OSt
005 - DATE AND TIME OF LATEST TRANSACTION
control field 20220918163441.0
008 - FIXED-LENGTH DATA ELEMENTS--GENERAL INFORMATION
fixed length control field 220917b |||||||| |||| 00| 0 eng d
020 ## - INTERNATIONAL STANDARD BOOK NUMBER
International Standard Book Number 0002557711
037 ## - SOURCE OF ACQUISITION
Terms of availability Textual
040 ## - CATALOGING SOURCE
Original cataloging agency ARTS
Transcribing agency ARTS
Language of cataloging eng
041 ## - LANGUAGE CODE
Source of code eng
Language code of text/sound track or separate title eng
100 ## - MAIN ENTRY--PERSONAL NAME
Personal name French Patrick
9 (RLIN) 13230
245 #0 - TITLE STATEMENT
Title Liberty or death
Remainder of title India's journey to independence and division
260 ## - PUBLICATION, DISTRIBUTION, ETC.
Place of publication, distribution, etc. London
Name of publisher, distributor, etc. Harper-Collins Gt. Brit.
Date of publication, distribution, etc. 1997
300 ## - PHYSICAL DESCRIPTION
Extent 466 p.
Dimensions cm.
650 ## - SUBJECT ADDED ENTRY--TOPICAL TERM
Topical term or geographic name entry element INDIA - HISTORY - FREEDOM STRUGGLE; HISTORY
942 ## - ADDED ENTRY ELEMENTS (KOHA)
Classification part V2:51.N47, N7
Koha item type Textual
Source of classification or shelving scheme Colon Classification (CC)
Holdings
Withdrawn status Lost status Damaged status Not for loan Home library Current library Date acquired Total Checkouts Full call number Barcode Date last seen Price effective from Koha item type
        Arts Library Arts Library 2022-09-18   V2:51.N47 N7 AL1204343 2022-09-18 2022-09-18 Textual
Copyright @ Delhi University Library System